000
00238nam a22000977a 4500
041
_a
ENG
100
_a
Rao. P.N
245
_a
Manufacturing Technology Foundry Forming And Welding
260
_a
Delhi
_b
Tata McGraw Hill PUB
_c
1999
300
_a
472
999
_c
609
_d
609